Dokumentácia katakomb pod kostolom sv. Františka Xaverského v Trenčíne
Salvato in:
| Autore principale: | |
|---|---|
| Altri autori: | |
| Natura: | Manoscritto Libro |
| Lingua: | slovacco |
| Pubblicazione: |
Bratislava :
STU v Bratislave SvF,
2013
|
| Soggetti: | |
| Accesso online: | VAIS https://opac.crzp.sk/?fn=detailBiblioForm&sid=839654DF12ADE2F52F8798FB778B |
| Tags: |
Nessun Tag, puoi essere il primo ad aggiungerne!!
|
MARC
| LEADER | 00000ntm a22000003a 4500 | ||
|---|---|---|---|
| 001 | stu272116 | ||
| 005 | 20231012094511.2 | ||
| 008 | 130720s2013----xo------------------slo-d | ||
| 040 | |a STU |b slo | ||
| 041 | 0 | |a slo | |
| 044 | |a xo | ||
| 100 | 1 | |a Čechovský, Michal, |d 1991- |4 aut |u V |T SvF Stavebná fakulta |X 7108 |U V |Y 10 |7 A000007108 | |
| 242 | 0 | 0 | |a Documentation of Catacombs under the Church of St. František Xaverský in Trenčín |y eng |
| 245 | 1 | |a Dokumentácia katakomb pod kostolom sv. Františka Xaverského v Trenčíne | |
| 260 | |a Bratislava : |b STU v Bratislave SvF, |c 2013 | ||
| 650 | 7 | |a geodézia a kartografia |2 stusub | |
| 650 | 7 | |a Geodesy and Cartography |2 estusub | |
| 650 | 7 | |a 3D model |2 estusub | |
| 650 | 7 | |a terrestrial laser scanning |2 estusub | |
| 650 | 7 | |a point clouds |2 estusub | |
| 650 | 7 | |a ortofotoplán |2 stusub | |
| 650 | 7 | |a mračno bodov |2 stusub | |
| 650 | 7 | |a terestrické laserové skenovanie |2 stusub | |
| 700 | 1 | |a Fraštia, Marek, |d 1974- |4 ths |u V140 |U SvF Stavebná fakulta |T SvF Katedra geodézie |X 930 |U V140 |Y 14 |7 A000000930 | |
| 856 | 4 | |a info a plný text |u http://is.stuba.sk/zp/portal_zp.pl?podrobnosti=79695 |3 VAIS | |
| 856 | 4 | |a CRZP |u https://opac.crzp.sk/?fn=detailBiblioForm&sid=839654DF12ADE2F52F8798FB778B | |